000 00896nam a2200253Ia 4500
003 OSt
005 20220923224536.0
006 a|||||r|||| 00| 0
007 ta
008 220922b |||||||| |||| 00| 0 hin d
020 _c150
024 _a240,958
037 _b483, 02/03/2010, Vani Prakashan
_cTextual
040 _aARTS
_cARTS
_bhin
041 _2hin
_ahin
082 _aO152,1:gG, P8
100 _aद्विवेदी, हजारीप्रसाद
245 0 _aहिन्दी साहित्य का आदिकाल
246 _aHindī sāhitya kā ādikāla
260 _aनयी दिल्ली
_b वाणी प्रकाशन
_c2008
300 _a176पृ.
_ccm.
942 _hO152,1:gG, P8
_cTEXL
_2CC
999 _c372077
_d372077